| 000 | 00942cab a2200277 4500 | ||
|---|---|---|---|
| 001 | WB2825-31 | ||
| 008 | 090401t1992 xxu||||| |||| 00| 0 eng d | ||
| 035 | _a(Sirsi) u43894 | ||
| 041 | _aeng | ||
| 245 | _aGreen belt policy to come under scrutiny | ||
| 260 | _c1992 | ||
| 350 | _a0 | ||
| 490 |
_aDaily Telegraph _v23 June 1992, 29(1) |
||
| 520 | _aThe DoE and the Scottish Office Environment Department have commissioned Oxford Polytechnic School of Planning in conjunction with Weatherall Green and Smith to carry out a review of the effectiveness of the green belt policy. | ||
| 650 | _aDOE | ||
| 650 | _aELSON M | ||
| 650 | _aGREEN BELTS | ||
| 650 | _aLEGISLATION | ||
| 650 | _aOXFORD POLYTECHNIC SCHOOL OF PLANNING | ||
| 650 | _aPLANNING POLICY | ||
| 650 | _aSCOTTISH OFFICE ENVIRONMENT DEPARTMENT | ||
| 650 | _aWEATHERALL GREEN & SMITH | ||
| 690 | _aPLANNING LAW AND PRACTICE | ||
| 942 | _n0 | ||
| 948 | _c04/03/1997 | ||
| 999 |
_c27979 _d27979 |
||